| 000 | 00367nam a2200133Ia 4500 | ||
|---|---|---|---|
| 008 | 220217s9999||||xx |||||||||||||| ||und|| | ||
| 020 | _a81-7656-319-6 | ||
| 082 | _a005.43 PFA | ||
| 100 |
_aPfaffenbrger, Bryan _91944 |
||
| 245 | 0 | _aLinux command: instant reference | |
| 260 |
_aBPB publication _bNew Delhi _c2001 |
||
| 300 | _b99 | ||
| 650 | _aOperating systems | ||
| 999 |
_c167836 _d167836 |
||